000 00642nam a22001937a 4500
005 20140506115339.0
010 _aENG-109821
020 _a9789350097922
_c595.00
035 _aEN-93354
037 _bDBAD/PUB
082 _a793.31954
100 _aMorcom, Anna
245 0 0 _aCourtesans, bar girls and dancing boys :
_cby Anna Morcom
_bthe illicit worlds of indian dance /
260 _aGurgaon
_bHachette Book Publishing
_c2014
270 _a4th and 5th Floors, Corporate Centre Plot No. 94, Sector 44
_bGurgaon
_e122003
300 _axii,286p.
_c24cm(Hb)
500 _aIncludes index
942 _2ddc
_cEN
_mMOR
_h793.31954
999 _c83846
_d83846